[Event "Quebec Alekhine"]
[Site "Quebec"]
[Date "2018.09.12"]
[Round "2"]
[White "Pouliot, Lewis"]
[Black "Tremblay Alix, Eric"]
[Result "0-1"]
[WhiteElo "1449"]
[BlackElo "1816"]
[PlyCount "70"]
[EventDate "2018.09.05"]
[EventType "swiss"]
[EventRounds "5"]
[EventCountry "CAN"]
[SourceTitle "EXT 2022"]
[Source "ChessBase"]
[SourceDate "2021.10.06"]
[SourceVersion "1"]
[SourceVersionDate "2021.10.06"]
[SourceQuality "1"]

1. d4 c5 2. d5 Nf6 3. c4 d6 4. Nc3 g6 5. e4 Bg7 6. Bd3 0-0 7. f3 Nbd7 8. Bf4 Nh5 9. Bg3 Qa5 10. Nge2 Qb4 11. Qb3 Nxg3 12. hxg3 Ne5 13. Kd2 a5 14. Qc2 Nxc4+ 15. Bxc4 Qxc4 16. b3 Qb4 17. Rh4 Bf6 18. Rh6 Bg5+ 19. f4 Bxh6 20. a3 Qb6 21. Rh1 Bg7 22. f5 e5 23. g4 Qd8 24. Nd1 Qg5+ 25. Ne3 Bh6 26. Qd3 b5 27. Ng1 c4 28. bxc4 bxc4 29. Qc3 Ba6 30. Nf3 Qxe3+ 31. Qxe3 Bxe3+ 32. Kxe3 c3 33. f6 Rfc8 34. Ng5 c2 35. Rxh7 c1Q+ 0-1

[Event "Quebec Alekhine"]
[Site "Quebec"]
[Date "2017.09.11"]
[Round "1"]
[White "Glode, Martin"]
[Black "Pouliot, Lewis"]
[Result "1-0"]
[WhiteElo "1891"]
[BlackElo "1394"]
[PlyCount "45"]
[EventDate "2017.09.11"]
[EventType "swiss"]
[EventRounds "5"]
[EventCountry "CAN"]
[SourceTitle "EXT 2022"]
[Source "ChessBase"]
[SourceDate "2021.10.06"]
[SourceVersion "1"]
[SourceVersionDate "2021.10.06"]
[SourceQuality "1"]

1. e4 c5 2. c3 e6 3. d4 d5 4. exd5 exd5 5. Nf3 h6 6. Be3 c4 7. b3 b5 8. a4 Ba6 9. axb5 Bxb5 10. Nbd2 Qc7 11. bxc4 dxc4 12. Qb1 a6 13. Qe4+ Be7 14. Qxa8 Bc6 15. Bf4 Qxf4 16. Qa7 Bd6 17. Nxc4 Bxf3 18. gxf3 Nf6 19. Nxd6+ Qxd6 20. Qc5 Qe6+ 21. Kd2 Kd7 22. Qa7+ Kc8 23. Bxa6+ 1-0

[Event "Quebec Botvinnick"]
[Site "Quebec"]
[Date "2017.02.13"]
[Round "1"]
[White "Pouliot, Lewis"]
[Black "Tremblay Alix, Eric"]
[Result "0-1"]
[WhiteElo "1463"]
[BlackElo "1840"]
[PlyCount "92"]
[EventDate "2017.02.13"]
[EventType "swiss"]
[EventRounds "5"]
[EventCountry "CAN"]
[SourceTitle "EXT 2022"]
[Source "ChessBase"]
[SourceDate "2021.10.06"]
[SourceVersion "1"]
[SourceVersionDate "2021.10.06"]
[SourceQuality "1"]

1. Nf3 d6 2. c4 Nf6 3. Nc3 e5 4. e4 Nc6 5. h3 Be7 6. d3 Be6 7. Be3 Qd7 8. a3 0-0 9. Be2 Ne8 10. Nd5 f5 11. Nxe7+ Nxe7 12. Ng5 fxe4 13. Nxe6 Qxe6 14. dxe4 Nf6 15. Qc2 c6 16. Rd1 Rfc8 17. Bg5 h6 18. Bxf6 Qxf6 19. 0-0 d5 20. f3 d4 21. c5 Ng6 22. Bc4+ Kh7 23. g3 Qg5 24. Qg2 Rf8 25. Be6 Qe3+ 26. Kh2 Rad8 27. Rfe1 Qxf3 28. Qxf3 Rxf3 29. Bf5 Rf2+ 30. Kg1 Rxb2 31. Rb1 Rxb1 32. Rxb1 h5 33. Rxb7 Kh6 34. Kf2 Nf8 35. Re7 g6 36. Be6 Kg5 37. Bb3 Nd7 38. Ba4 Kf6 39. Rh7 Nxc5 40. Bxc6 Rc8 41. Bd5 Nd3+ 42. Ke2 Nb2 43. Rf7+ Kg5 44. Rf3 Rc2+ 45. Ke1 d3 46. Bb3 d2+ 0-1

[Event "Quebec Capablanca"]
[Site "Quebec"]
[Date "2017.01.05"]
[Round "3"]
[White "Tremblay Alix, Eric"]
[Black "Pouliot, Lewis"]
[Result "1-0"]
[WhiteElo "1818"]
[BlackElo "1463"]
[PlyCount "61"]
[EventDate "2016.12.12"]
[EventType "swiss"]
[EventRounds "5"]
[EventCountry "CAN"]
[SourceTitle "EXT 2022"]
[Source "ChessBase"]
[SourceDate "2021.10.06"]
[SourceVersion "1"]
[SourceVersionDate "2021.10.06"]
[SourceQuality "1"]

1. c4 c6 2. g3 Nf6 3. Bg2 e6 4. Nf3 d5 5. Qc2 Be7 6. b3 0-0 7. Bb2 Re8 8. 0-0 Bd6 9. c5 Be7 10. d4 b6 11. Nbd2 bxc5 12. dxc5 a5 13. a3 Bb7 14. Rad1 Nbd7 15. b4 axb4 16. axb4 Ba6 17. Rfe1 Bb5 18. Qc3 Ba4 19. Rb1 Bf8 20. e4 dxe4 21. Nxe4 Nxe4 22. Rxe4 Nf6 23. Rd4 Nd5 24. Qd2 Be7 25. Rg4 Bf6 26. Ne5 Qb8 27. Nd7 Qd8 28. Bxd5 Qxd7 29. Bxf6 Qxd5 30. Rxg7+ Kf8 31. Rxh7 1-0

[Event "Quebec Millenium"]
[Site "Quebec"]
[Date "2016.10.31"]
[Round "1"]
[White "Boulianne, Gabriel"]
[Black "Pouliot, Lewis"]
[Result "1-0"]
[WhiteElo "1862"]
[BlackElo "1463"]
[PlyCount "37"]
[EventDate "2016.10.31"]
[EventType "swiss"]
[EventRounds "5"]
[EventCountry "CAN"]
[SourceTitle "EXT 2022"]
[Source "ChessBase"]
[SourceDate "2021.10.06"]
[SourceVersion "1"]
[SourceVersionDate "2021.10.06"]
[SourceQuality "1"]

1. e4 e5 2. Nf3 Nc6 3. Bc4 Bc5 4. 0-0 d6 5. d3 h6 6. c3 Na5 7. Bxf7+ Kxf7 8. b4 Bxb4 9. cxb4 Nc6 10. Nc3 Be6 11. d4 Bc4 12. Re1 exd4 13. Nxd4 Nxb4 14. e5 Nd3 15. e6+ Ke7 16. Nf5+ Kf6 17. Nd5+ Kxf5 18. Qh5+ g5 19. g4# 1-0

[Event "Millenium"]
[Site "Charlesbourg"]
[Date "2015.10.05"]
[Round "1"]
[White "Pouliot, Lewis"]
[Black "Dube, Daniel"]
[Result "0-1"]
[WhiteElo "1527"]
[BlackElo "1943"]
[PlyCount "54"]
[EventDate "2015.10.05"]
[EventType "swiss"]
[EventRounds "5"]
[EventCountry "CAN"]
[SourceTitle "EXT 2019"]
[Source "ChessBase"]
[SourceDate "2018.10.10"]
[SourceVersion "1"]
[SourceVersionDate "2018.10.10"]
[SourceQuality "1"]

1. Nf3 Nf6 2. g3 g6 3. b3 Bg7 4. Bb2 d6 5. Bg2 0-0 6. 0-0 e5 7. d3 Nc6 8. e4 Nh5 9. c3 Qe8 10. Re1 f5 11. exf5 gxf5 12. Nfd2 Qg6 13. Bd5+ Kh8 14. Bf3 Nf6 15. Bg2 Bd7 16. f4 Nh5 17. fxe5 Nxe5 18. Nf3 f4 19. Nh4 Qxd3 20. Qxh5 Bg4 21. Be4 Qxe4 22. Rxe4 Bxh5 23. Rxf4 Rxf4 24. gxf4 Nd3 25. Ba3 Re8 26. Nd2 Bxc3 27. Rc1 Nxc1 0-1

[Event "Charlesbourg Keres Memorial"]
[Site "Charlesbourg"]
[Date "2015.06.01"]
[Round "5"]
[White "Beauchesne, Jonathan"]
[Black "Pouliot, Lewis"]
[Result "1-0"]
[WhiteElo "1753"]
[BlackElo "1527"]
[PlyCount "101"]
[EventDate "2015.05.04"]
[EventType "swiss"]
[EventRounds "5"]
[EventCountry "CAN"]
[SourceTitle "EXT 2019"]
[Source "ChessBase"]
[SourceDate "2018.10.10"]
[SourceVersion "1"]
[SourceVersionDate "2018.10.10"]
[SourceQuality "1"]

1. e4 c6 2. d4 d5 3. Nc3 a6 4. Nf3 h6 5. Be2 Bg4 6. 0-0 e6 7. a3 a5 8. exd5 exd5 9. Re1 Be7 10. Ne5 Bxe2 11. Qxe2 Nf6 12. Nd3 Nbd7 13. Bf4 Kf8 14. Be5 Rg8 15. Bc7 Qe8 16. Ne5 g5 17. Qf3 Qc8 18. Nxd7+ Qxd7 19. Be5 Rg6 20. Re2 Re8 21. Rae1 g4 22. Qd3 Ng8 23. Na4 Qd8 24. Qb3 b5 25. Nc5 Bxc5 26. dxc5 Rge6 27. Qg3 Qg5 28. Bd6+ Kg7 29. Qc3+ Kh7 30. Rxe6 Rxe6 31. Qxa5 Rxe1+ 32. Qxe1 Nf6 33. Be7 Qf5 34. Bxf6 Qxf6 35. Qb1 Qf5 36. Qd1 Qe4 37. Qd3 f5 38. Qxe4 fxe4 39. Kf1 Kg6 40. b3 Kf6 41. c3 Ke6 42. Ke2 Kd7 43. Ke3 Ke6 44. a4 bxa4 45. bxa4 Kd7 46. Kf4 Kc7 47. Ke5 h5 48. Ke6 h4 49. g3 hxg3 50. hxg3 Kb7 51. Kd7 1-0

[Event "Charlesbourg Olympiade"]
[Site "Charlesbourg"]
[Date "2014.11.24"]
[Round "3"]
[White "Leblanc Legault, Mathieu"]
[Black "Pouliot, Lewis"]
[Result "1-0"]
[WhiteElo "1435"]
[BlackElo "1690"]
[PlyCount "67"]
[EventDate "2014.11.10"]
[EventType "swiss"]
[EventRounds "6"]
[EventCountry "CAN"]
[SourceTitle "EXT 2022"]
[Source "ChessBase"]
[SourceDate "2021.10.06"]
[SourceVersion "1"]
[SourceVersionDate "2021.10.06"]
[SourceQuality "1"]

1. d4 b5 2. e4 a6 3. g3 Bb7 4. Bg2 e6 5. Ne2 d5 6. e5 c5 7. c3 Nd7 8. 0-0 Ne7 9. b4 cxb4 10. cxb4 Nc6 11. a3 Be7 12. Be3 Nb6 13. f4 Nc4 14. Bf2 0-0 15. Nd2 f5 16. Nb3 a5 17. Nc5 Bc8 18. Nc3 Qb6 19. Qb3 axb4 20. axb4 Nd2 21. Qb2 Nxf1 22. Rxa8 Nxg3 23. hxg3 h6 24. Bxd5 Nxe5 25. Rxc8 Nc4 26. Rxf8+ Bxf8 27. Bxe6+ Kh8 28. Bxc4 bxc4 29. Qa2 Qxb4 30. Qa4 Qxc3 31. Qe8 Qc1+ 32. Kg2 Kg8 33. Nd7 Qa3 34. Qe6+ 1-0